000 00522nam a22001697a 4500
999 _c8617
_d8617
008 201208b ||||| |||| 00| 0 eng d
040 _aBMS College of Architecture
100 _aAbishek, S Jayanth
245 _aIntergenerational campus
300 _a42p.
500 _a1BM12AAT026
502 _8B,Arch
_NBMS College of Architecture, Visvesvaraya Technological University (VTU)
_aProject report
_d2016
650 _aCampus
700 _aChannabasavaradhya K B
_eGuide
700 _aPrathima N
_eGuide
942 _2ddc
_cTHE